4 Your Eyez Only - J. Cole - Statistics

General Stats
  • This quiz has been taken 27 times
  • The average score is 9 of 10
Answer Stats
Songs Plays Artists % Correct
4 Your Eyez Only 202,627,945 J. Cole
100%
Neighbors 547,485,214 J. Cole
95%
Deja Vu 453,711,868 J. Cole
90%
Immortal 230,715,268 J. Cole
90%
Change 227,286,536 J. Cole
85%
Foldin Clothes 93,640,683 J. Cole
85%
For Whom The Bell Tolls 104,817,392 J. Cole
85%
She's Mine Pt. 1 178,055,722 J. Cole
80%
She's Mine Pt. 2 137,260,801 J. Cole
80%
Ville Mentality 146,833,411 J. Cole
70%
No matching quizzes found
Score Distribution
Percent of People with Each Score
Percentile by Number Answered
Your Score History
You have not taken this quiz